[Event "IECG TE.2002.S.01002 email"]
[Site "IECG email"]
[Date "2003.12.27"]
[Round "?"]
[White "Lheureux, Joseph"]
[Black "Sander, Ingo"]
[Result "0-1"]
[WhiteElo "1457"]
[BlackElo "2244"]
[PlyCount "66"]
[EventDate "2003.12.27"]
[EventType "tourn (corr)"]
[EventRounds "8"]
[SourceTitle "Corr 2008"]
[Source "ChessBase"]
[SourceDate "2008.06.24"]
[SourceVersion "1"]
[SourceVersionDate "2008.06.24"]
[SourceQuality "1"]

1. e4 e5 2. Nf3 Nc6 3. Bb5 Bc5 4. c3 Nf6 5. 0-0 0-0 6. d4 Bb6 7. d5 Ne7 8. Bd3 d6 9. a4 a6 10. b4 Ne8 11. a5 Ba7 12. c4 f5 13. exf5 Bxf5 14. Ng5 Qd7 15. Bxf5 Qxf5 16. Ne6 Rf6 17. Nc3 c6 18. Be3 cxd5 19. cxd5 Bxe3 20. fxe3 Qxf1+ 21. Qxf1 Rxf1+ 22. Rxf1 Nf6 23. e4 Rc8 24. Rf3 Ng6 25. g3 Rc4 26. Kf1 Rxb4 27. h3 h6 28. h4 Nf8 29. g4 Ng6 30. h5 Nf4 31. Nxf4 exf4 32. Rxf4 Rc4 33. Ke2 Rxc3 0-1

[Event "IECG TE.2001.S.00803 email"]
[Site "IECG email"]
[Date "2003.08.10"]
[Round "?"]
[White "Hnatovsky, Nicholas"]
[Black "Lheureux, Joseph"]
[Result "1-0"]
[WhiteElo "2286"]
[BlackElo "1494"]
[PlyCount "107"]
[EventDate "2003.08.10"]
[EventType "tourn (corr)"]
[EventRounds "12"]
[SourceTitle "Corr 2008"]
[Source "ChessBase"]
[SourceDate "2008.06.24"]
[SourceVersion "1"]
[SourceVersionDate "2008.06.24"]
[SourceQuality "1"]

1. e4 d6 2. d4 Nf6 3. Nc3 g6 4. Nf3 Bg7 5. Be3 0-0 6. Qd2 Nbd7 7. Bh6 e5 8. Bxg7 Kxg7 9. 0-0-0 Qe7 10. h4 Nb6 11. h5 Nxh5 12. Rh4 Be6 13. Be2 f6 14. Rdh1 Rh8 15. d5 Bf7 16. g3 c6 17. Ne1 cxd5 18. exd5 Rac8 19. Bxh5 gxh5 20. Ng2 Bg6 21. Ne3 Qd7 22. f3 Rc7 23. f4 Rhc8 24. f5 Bf7 25. Rg1 Kh8 26. Qd3 Qd8 27. a3 a6 28. Rb4 Nd7 29. Rh1 b5 30. Kb1 Nb6 31. Ne4 Be8 32. Qd2 a5 33. Rb3 b4 34. axb4 Nc4 35. Nxc4 Rxc4 36. Qh6 Qe7 37. Nxf6 axb4 38. Nxe8 Rxe8 39. Qxh5 Ra8 40. f6 Qa7 41. c3 Rc7 42. Rxb4 Qa2+ 43. Kc2 Qxd5 44. Rh2 Qe6 45. Qf3 d5 46. Rh5 Rac8 47. Qf5 Qxf5+ 48. Rxf5 d4 49. Rxe5 dxc3 50. b3 Kg8 51. Re7 Rxe7 52. fxe7 Kf7 53. Rc4 Rg8 54. Re4 1-0

[Event "IECG TE.2001.S.00703 email"]
[Site "IECG email"]
[Date "2003.01.27"]
[Round "?"]
[White "Lheureux, Joseph"]
[Black "Santini, Alberto"]
[Result "1-0"]
[WhiteElo "1470"]
[BlackElo "1390"]
[PlyCount "59"]
[EventDate "2003.01.27"]
[EventType "tourn (corr)"]
[EventRounds "8"]
[SourceTitle "Corr 2008"]
[Source "ChessBase"]
[SourceDate "2008.06.24"]
[SourceVersion "1"]
[SourceVersionDate "2008.06.24"]
[SourceQuality "1"]

1. e4 e5 2. f4 exf4 3. Nf3 g5 4. Bc4 g4 5. 0-0 gxf3 6. Qxf3 Qf6 7. Qxf4 Qxf4 8. Rxf4 Bc5+ 9. Kh1 d5 10. exd5 Bd6 11. Rf2 Bg4 12. Nc3 Nd7 13. Nb5 a6 14. Nxd6+ cxd6 15. b3 0-0-0 16. Ba3 Kc7 17. Rxf7 Bh5 18. Rg7 Bg6 19. Bd3 Ngf6 20. Bxg6 hxg6 21. Rxg6 Rde8 22. Rf1 Re2 23. Kg1 Ne8 24. Re6 Rxe6 25. dxe6 Ndf6 26. Bb2 Rh6 27. d4 Nd5 28. c4 Ne7 29. d5 b5 30. Rf8 1-0

[Event "IECG TE.2001.S.00703 email"]
[Site "IECG email"]
[Date "2003.01.27"]
[Round "?"]
[White "McDonald, Graham R"]
[Black "Lheureux, Joseph"]
[Result "1/2-1/2"]
[WhiteElo "1624"]
[BlackElo "1470"]
[PlyCount "51"]
[EventDate "2003.01.27"]
[EventType "tourn (corr)"]
[EventRounds "8"]
[SourceTitle "Corr 2008"]
[Source "ChessBase"]
[SourceDate "2008.06.24"]
[SourceVersion "1"]
[SourceVersionDate "2008.06.24"]
[SourceQuality "1"]

1. e4 e5 2. f4 exf4 3. Nf3 g5 4. Bc4 g4 5. 0-0 gxf3 6. Qxf3 Qf6 7. e5 Qxe5 8. d3 Be7 9. Nc3 Qc5+ 10. Kh1 Nc6 11. Bxf4 Nd4 12. Qg3 Nf5 13. Bxf7+ Kxf7 14. Be5 Ke8 15. Rxf5 Nh6 16. Rh5 Rg8 17. Qe1 Rg6 18. Bf6 Qd6 19. Bxe7 Qxe7 20. Nd5 Qxe1+ 21. Rxe1+ Kf8 22. Rf1+ Kg7 23. Nxc7 Rb8 24. Ne8+ Kg8 25. Nf6+ Kg7 26. Ne8+ 1/2-1/2

[Event "IECG TE.2001.S.00703 email"]
[Site "IECG email"]
[Date "2003.01.27"]
[Round "?"]
[White "Santini, Alberto"]
[Black "Lheureux, Joseph"]
[Result "0-1"]
[WhiteElo "1390"]
[BlackElo "1470"]
[PlyCount "48"]
[EventDate "2003.01.27"]
[EventType "tourn (corr)"]
[EventRounds "8"]
[SourceTitle "Corr 2008"]
[Source "ChessBase"]
[SourceDate "2008.06.24"]
[SourceVersion "1"]
[SourceVersionDate "2008.06.24"]
[SourceQuality "1"]

1. e4 e5 2. f4 exf4 3. Nf3 g5 4. Bc4 g4 5. 0-0 gxf3 6. Qxf3 Qf6 7. e5 Qxe5 8. Bxf7+ Kxf7 9. d4 Qf5 10. g4 Qg6 11. Bxf4 Nf6 12. Be5 Be7 13. Nc3 d6 14. Bxf6 Bxg4 15. Qd5+ Be6+ 16. Qg5 Bxf6 17. Rxf6+ Qxf6 18. Rf1 Nd7 19. Qh5+ Ke7 20. Rxf6 Nxf6 21. Qe2 Rhg8+ 22. Kf1 Raf8 23. Ke1 Rg1+ 24. Kd2 Rfg8 0-1

[Event "IECG TE.2002.P.01118 email"]
[Site "IECG email"]
[Date "2002.12.30"]
[Round "?"]
[White "Lheureux, Joseph"]
[Black "Valdez Aguero, Daniel"]
[Result "1-0"]
[WhiteElo "1493"]
[BlackElo "1900"]
[PlyCount "67"]
[EventDate "2002.12.30"]
[EventType "tourn (corr)"]
[EventRounds "8"]
[SourceTitle "Corr 2008"]
[Source "ChessBase"]
[SourceDate "2008.06.24"]
[SourceVersion "1"]
[SourceVersionDate "2008.06.24"]
[SourceQuality "1"]

1. d4 Nf6 2. c4 c5 3. d5 e6 4. Nf3 d6 5. Nc3 exd5 6. cxd5 g6 7. e4 Bg7 8. Bb5+ Bd7 9. Qb3 0-0 10. Bd3 b6 11. Bf4 Bg4 12. Nd2 Nh5 13. Be3 Nd7 14. 0-0 Ne5 15. Ba6 Bc8 16. Bxc8 Rxc8 17. Nb5 a6 18. Nc3 b5 19. f3 c4 20. Qc2 Nd3 21. a3 Nhf4 22. g3 Nh3+ 23. Kg2 Qd7 24. a4 b4 25. Nd1 Nxb2 26. Nxb2 c3 27. Nbc4 cxd2 28. Rab1 Qc7 29. Rxb4 Ng5 30. a5 f6 31. Qxd2 Qd7 32. Bxg5 fxg5 33. Nb6 Bc3 34. Qxc3 1-0

[Event "IECG TE.2002.P.01118 email"]
[Site "IECG email"]
[Date "2002.12.30"]
[Round "?"]
[White "Valdez Aguero, Daniel"]
[Black "Lheureux, Joseph"]
[Result "0-1"]
[WhiteElo "1900"]
[BlackElo "1493"]
[PlyCount "84"]
[EventDate "2002.12.30"]
[EventType "tourn (corr)"]
[EventRounds "8"]
[SourceTitle "Corr 2008"]
[Source "ChessBase"]
[SourceDate "2008.06.24"]
[SourceVersion "1"]
[SourceVersionDate "2008.06.24"]
[SourceQuality "1"]

1. d4 Nf6 2. c4 c5 3. d5 e6 4. Nc3 exd5 5. cxd5 d6 6. e4 Be7 7. Nf3 0-0 8. Be2 a6 9. a4 Ng4 10. h3 Ne5 11. Nxe5 dxe5 12. 0-0 b6 13. Bc4 Qd6 14. Qe2 Qg6 15. f4 exf4 16. e5 Bxh3 17. d6 Bg4 18. dxe7 Bxe2 19. exf8Q+ Kxf8 20. Nxe2 Nc6 21. Nxf4 Qg4 22. Bd5 Rc8 23. e6 f5 24. Ra3 Nd4 25. Rh3 h6 26. Re3 Re8 27. b3 g5 28. Ng6+ Kg7 29. Ne5 Qh5 30. Nf3 Nc2 31. Bb2+ Kh7 32. Re2 Nb4 33. Bc4 g4 34. Ne5 g3 35. Nf3 Nc6 36. Rd1 Nd4 37. Bxd4 cxd4 38. Rxd4 Qg6 39. Rd7+ Kh8 40. e7 Qf6 41. Rd8 Rxd8 42. Re6 Rd1+ 0-1

[Event "IECG CP.2002.P.00059 email"]
[Site "IECG email"]
[Date "2002.10.01"]
[Round "?"]
[White "Lheureux, Joseph"]
[Black "Tortosa, Horacio"]
[Result "0-1"]
[WhiteElo "1483"]
[BlackElo "1200"]
[PlyCount "62"]
[EventDate "2002.10.01"]
[EventType "tourn (corr)"]
[EventRounds "6"]
[EventCountry "ARG"]
[SourceTitle "Corr 2008"]
[Source "ChessBase"]
[SourceDate "2008.06.24"]
[SourceVersion "1"]
[SourceVersionDate "2008.06.24"]
[SourceQuality "1"]

1. e4 d5 2. exd5 Nf6 3. c4 e6 4. dxe6 Bxe6 5. Nf3 Nc6 6. d4 Bb4+ 7. Nc3 Bg4 8. Be2 Qe7 9. a3 Bxf3 10. gxf3 Bxc3+ 11. bxc3 0-0-0 12. Be3 Rhe8 13. Qb3 h6 14. Rb1 b6 15. Qa4 Rd6 16. Bd3 Nd7 17. Be4 Qh4 18. c5 Rxe4 19. fxe4 bxc5 20. d5 Nce5 21. Qxa7 Kd8 22. Qa4 c4 23. Qc2 Nd3+ 24. Kf1 Qh3+ 25. Ke2 N7e5 26. Qa4 Qf3+ 27. Kd2 Qxe4 28. Rb8+ Ke7 29. Rhb1 Rxd5 30. Re8+ Kf6 31. Bd4 c5 0-1

[Event "IECG TE.2002.P.01014 email"]
[Site "IECG email"]
[Date "2002.03.28"]
[Round "?"]
[White "Lheureux, Joseph"]
[Black "Varas, Pablo"]
[Result "1-0"]
[WhiteElo "1475"]
[BlackElo "800"]
[PlyCount "67"]
[EventDate "2002.03.28"]
[EventType "tourn (corr)"]
[EventRounds "12"]
[SourceTitle "Corr 2008"]
[Source "ChessBase"]
[SourceDate "2008.06.24"]
[SourceVersion "1"]
[SourceVersionDate "2008.06.24"]
[SourceQuality "1"]

1. e4 e5 2. Nf3 Nc6 3. Bb5 Bc5 4. 0-0 Nf6 5. c3 0-0 6. d4 Bb6 7. Bg5 h6 8. dxe5 Nxe5 9. Nxe5 hxg5 10. Nd2 Re8 11. Nef3 Nxe4 12. Nxe4 Rxe4 13. Qd5 Rg4 14. Bc4 Rf4 15. Rae1 c6 16. Qxg5 Qxg5 17. Re8+ Kh7 18. Nxg5+ Kg6 19. Nf3 d6 20. Bd3+ Kf6 21. h4 d5 22. Rfe1 Bc5 23. Rh8 Ra4 24. a3 a6 25. Ng5 Bf5 26. Rxa8 Bxd3 27. g3 Rg4 28. Kg2 Rc4 29. Rc8 a5 30. Rc7 Bg6 31. Rxb7 a4 32. Rd7 Be4+ 33. f3 Bg6 34. g4 1-0

[Event "IECG TE.2002.P.01006 email"]
[Site "IECG email"]
[Date "2002.03.28"]
[Round "?"]
[White "Moeckel, Jean L"]
[Black "Lheureux, Joseph"]
[Result "0-1"]
[WhiteElo "1430"]
[BlackElo "1475"]
[PlyCount "59"]
[EventDate "2002.03.28"]
[EventType "tourn (corr)"]
[EventRounds "12"]
[SourceTitle "Corr 2008"]
[Source "ChessBase"]
[SourceDate "2008.06.24"]
[SourceVersion "1"]
[SourceVersionDate "2008.06.24"]
[SourceQuality "1"]

1. e4 e5 2. Nf3 Nc6 3. Bb5 Bc5 4. Nc3 Nd4 5. Nxe5 Qe7 6. Nf3 Nxb5 7. Nxb5 Qxe4+ 8. Kf1 Qc4+ 9. d3 Qxb5 10. c4 Qb6 11. a3 Nf6 12. b4 Be7 13. Be3 Qa6 14. b5 Qd6 15. Qb3 0-0 16. h3 Re8 17. a4 a6 18. Nd4 b6 19. Nf5 Qe5 20. Nxe7+ Rxe7 21. Re1 Qd6 22. Qc2 Bb7 23. Rg1 Rae8 24. Qc3 h6 25. g3 Nh7 26. h4 Nf6 27. Ke2 Ng4 28. Kd2 Ne5 29. Bf4 Nf3+ 30. Kc2 0-1

[Event "IECG TE.2000.F.00501 email"]
[Site "IECG email"]
[Date "2002.01.15"]
[Round "?"]
[White "Newton, Hobart E"]
[Black "Lheureux, Joseph"]
[Result "1-0"]
[WhiteElo "1920"]
[BlackElo "1465"]
[PlyCount "99"]
[EventDate "2002.01.15"]
[EventType "tourn (corr)"]
[EventRounds "14"]
[SourceTitle "Corr 2008"]
[Source "ChessBase"]
[SourceDate "2008.06.24"]
[SourceVersion "1"]
[SourceVersionDate "2008.06.24"]
[SourceQuality "1"]

1. d4 f5 2. g3 Nf6 3. Bg2 e6 4. Nf3 Be7 5. 0-0 0-0 6. c4 d5 7. b3 c5 8. Nbd2 Ne4 9. Bb2 Bf6 10. cxd5 exd5 11. Qc2 b6 12. dxc5 Bxb2 13. Qxb2 bxc5 14. Ne5 Bb7 15. Nd3 Qe7 16. Rfd1 Qf6 17. Qxf6 Rxf6 18. Nxe4 fxe4 19. Nxc5 Bc6 20. Rac1 a5 21. f3 exf3 22. Bxf3 Rd6 23. Nd3 Ra6 24. Ne5 Kf8 25. Rd4 Ke7 26. Rc5 a4 27. b4 Rb6 28. a3 Nd7 29. Nxc6+ Rbxc6 30. Rcxd5 Rxd5 31. Rxd5 Rc3 32. Rd3 Rc4 33. Re3+ Kd6 34. Be4 g6 35. Kf2 Ne5 36. h3 Rc8 37. g4 h6 38. Bb7 Rc7 39. Ba6 Kd5 40. Bb5 Kd4 41. Rg3 Ra7 42. Ke1 g5 43. Kd1 Nf7 44. Rd3+ Ke5 45. Bc4 Rc7 46. Ba2 Nh8 47. Re3+ Kd4 48. Kd2 Rc2+ 49. Kxc2 Kxe3 50. Kc3 1-0

[Event "IECG TE.2001.P.00804 email"]
[Site "IECG email"]
[Date "2001.10.05"]
[Round "?"]
[White "Geiger, Walter"]
[Black "Lheureux, Joseph"]
[Result "1-0"]
[WhiteElo "1945"]
[BlackElo "1463"]
[PlyCount "69"]
[EventDate "2001.10.05"]
[EventType "tourn (corr)"]
[EventRounds "8"]
[SourceTitle "Corr 2008"]
[Source "ChessBase"]
[SourceDate "2008.06.24"]
[SourceVersion "1"]
[SourceVersionDate "2008.06.24"]
[SourceQuality "1"]

1. e4 d6 2. d4 Nf6 3. Nc3 g6 4. Nf3 Bg7 5. Be3 0-0 6. Qd2 Nbd7 7. Bh6 Bxh6 8. Qxh6 e5 9. 0-0-0 exd4 10. Nxd4 Qe7 11. f3 Ne5 12. h4 Be6 13. Qg5 Kh8 14. Be2 Rae8 15. g4 Rg8 16. Nxe6 fxe6 17. Qe3 Ref8 18. Rdf1 Rf7 19. g5 Nh5 20. f4 Nc6 21. Bxh5 gxh5 22. Ne2 a6 23. Ng3 d5 24. Nxh5 dxe4 25. Qxe4 Rgf8 26. c3 Rf5 27. Nf6 Rd8 28. Rd1 Rd6 29. Rhe1 Qd8 30. Rxd6 Qxd6 31. Rd1 Qxf4+ 32. Qxf4 Rxf4 33. h5 Ne5 34. h6 Nf7 35. Rd7 1-0

[Event "IECG TE.2001.P.00804 email"]
[Site "IECG email"]
[Date "2001.10.05"]
[Round "?"]
[White "Lheureux, Joseph"]
[Black "Lind, Anders"]
[Result "1-0"]
[WhiteElo "1463"]
[BlackElo "1140"]
[PlyCount "47"]
[EventDate "2001.10.05"]
[EventType "tourn (corr)"]
[EventRounds "8"]
[SourceTitle "Corr 2008"]
[Source "ChessBase"]
[SourceDate "2008.06.24"]
[SourceVersion "1"]
[SourceVersionDate "2008.06.24"]
[SourceQuality "1"]

1. e4 d6 2. d4 Nf6 3. Nc3 g6 4. Nf3 Bg7 5. Be3 0-0 6. Qd2 Nbd7 7. 0-0-0 b6 8. Bd3 c5 9. h3 Qc7 10. Bh6 c4 11. Bxg7 Kxg7 12. Be2 a6 13. Qe3 b5 14. e5 dxe5 15. dxe5 Ng8 16. Nd5 Qd8 17. e6 fxe6 18. Ng5 Qa5 19. Nxe6+ Kf7 20. Bf3 Qxa2 21. Qc3 Ngf6 22. Nxf8 Kxf8 23. Nxf6 Nxf6 24. Bxa8 1-0

[Event "IECG TE.2001.P.00804 email"]
[Site "IECG email"]
[Date "2001.10.05"]
[Round "?"]
[White "Sheers, Matthew Philip"]
[Black "Lheureux, Joseph"]
[Result "0-1"]
[WhiteElo "1612"]
[BlackElo "1463"]
[PlyCount "104"]
[EventDate "2001.10.05"]
[EventType "tourn (corr)"]
[EventRounds "8"]
[SourceTitle "Corr 2008"]
[Source "ChessBase"]
[SourceDate "2008.06.24"]
[SourceVersion "1"]
[SourceVersionDate "2008.06.24"]
[SourceQuality "1"]

1. e4 d6 2. d4 Nf6 3. Nc3 g6 4. Nf3 Bg7 5. Be3 0-0 6. Qd2 Nbd7 7. Bh6 Bxh6 8. Qxh6 e5 9. Be2 Ng4 10. Qd2 Re8 11. h3 Ngf6 12. dxe5 Nxe5 13. 0-0-0 Bd7 14. Ng5 h6 15. Nf3 Kh7 16. Nh2 Bc6 17. f3 Qe7 18. g4 d5 19. g5 hxg5 20. Qxg5 dxe4 21. Ng4 Ng8 22. Qxe7 Rxe7 23. fxe4 Kg7 24. Nd5 Bxd5 25. exd5 Nd7 26. Bf3 f5 27. Nf2 Ne5 28. Bg2 Rae8 29. h4 Nf6 30. Rd4 Neg4 31. Nxg4 Nxg4 32. c3 Ne3 33. Bf3 Rd7 34. Rh2 Kf6 35. Re2 Re5 36. Red2 a5 37. R2d3 Ke7 38. Kd2 Nf1+ 39. Kc1 Kd6 40. Rd1 Nh2 41. Bh1 Rde7 42. Bg2 Re2 43. Rg1 R7e3 44. Bh1 Ng4 45. a3 Rh2 46. Rd2 Rxh4 47. Kb1 Reh3 48. Bg2 Rg3 49. Re1 Rh2 50. Re6+ Kd7 51. Ree2 Ne3 52. c4 Nxg2 0-1

[Event "IECG TE.2001.P.00707 email"]
[Site "IECG email"]
[Date "2001.05.20"]
[Round "?"]
[White "Santini, Alberto"]
[Black "Lheureux, Joseph"]
[Result "1-0"]
[WhiteElo "1195"]
[BlackElo "1505"]
[PlyCount "39"]
[EventDate "2001.05.20"]
[EventType "tourn (corr)"]
[EventRounds "12"]
[SourceTitle "Corr 2008"]
[Source "ChessBase"]
[SourceDate "2008.06.24"]
[SourceVersion "1"]
[SourceVersionDate "2008.06.24"]
[SourceQuality "1"]

1. e4 e5 2. f4 exf4 3. Nf3 g5 4. Bc4 g4 5. 0-0 gxf3 6. Qxf3 Qf6 7. e5 Qxe5 8. Bxf7+ Kxf7 9. d4 Qf5 10. Bxf4 Nf6 11. Nc3 d6 12. Rae1 Bg7 13. Qe2 Re8 14. Be5 Qd7 15. Qh5+ Kg8 16. Bxf6 Rxe1 17. Rxe1 Bxf6 18. Nd5 Bxd4+ 19. Kh1 Qf7 20. Qg5+ 1-0

[Event "IECG TE.2000.P.00506 email"]
[Site "IECG email"]
[Date "2000.11.08"]
[Round "?"]
[White "Lheureux, Joseph"]
[Black "Csoma, Robert"]
[Result "1-0"]
[WhiteElo "1469"]
[BlackElo "2130"]
[PlyCount "53"]
[EventDate "2000.11.08"]
[EventType "tourn (corr)"]
[EventRounds "8"]
[SourceTitle "Corr 2008"]
[Source "ChessBase"]
[SourceDate "2008.06.24"]
[SourceVersion "1"]
[SourceVersionDate "2008.06.24"]
[SourceQuality "1"]

1. d4 f5 2. g3 Nf6 3. Bg2 e6 4. Nf3 Be7 5. 0-0 0-0 6. c4 d5 7. Qc2 Nc6 8. e3 Nb4 9. Qe2 dxc4 10. Na3 Rb8 11. Nxc4 b6 12. b3 Bb7 13. Bb2 c5 14. Rfd1 cxd4 15. Nxd4 Qc8 16. Bxb7 Rxb7 17. Rdc1 Qd7 18. Ne5 Qd5 19. Ndf3 Rd8 20. a3 Nd3 21. Rd1 Nxe5 22. Rxd5 Nxf3+ 23. Qxf3 Rxd5 24. Bxf6 Bxf6 25. Rd1 Rbd7 26. Rxd5 Rxd5 27. e4 1-0

[Event "IECG TE.2000.P.00506 email"]
[Site "IECG email"]
[Date "2000.11.08"]
[Round "?"]
[White "Lheureux, Joseph"]
[Black "Taner, Harun"]
[Result "1-0"]
[WhiteElo "1469"]
[BlackElo "1360"]
[PlyCount "27"]
[EventDate "2000.11.08"]
[EventType "tourn (corr)"]
[EventRounds "8"]
[SourceTitle "Corr 2008"]
[Source "ChessBase"]
[SourceDate "2008.06.24"]
[SourceVersion "1"]
[SourceVersionDate "2008.06.24"]
[SourceQuality "1"]

1. d4 f5 2. g3 Nf6 3. Bg2 e6 4. Nf3 Be7 5. 0-0 0-0 6. c4 d5 7. Qb3 a5 8. Nc3 b6 9. Bf4 Bd7 10. cxd5 a4 11. Qc4 c5 12. d6 b5 13. Nxb5 Bxb5 14. Qxe6+ 1-0

[Event "IECG TE.2000.P.00506 email"]
[Site "IECG email"]
[Date "2000.11.08"]
[Round "?"]
[White "Lheureux, Joseph"]
[Black "Wood, Brian B"]
[Result "1/2-1/2"]
[WhiteElo "1469"]
[BlackElo "805"]
[PlyCount "43"]
[EventDate "2000.11.08"]
[EventType "tourn (corr)"]
[EventRounds "8"]
[SourceTitle "Corr 2008"]
[Source "ChessBase"]
[SourceDate "2008.06.24"]
[SourceVersion "1"]
[SourceVersionDate "2008.06.24"]
[SourceQuality "1"]

1. d4 f5 2. g3 Nf6 3. Bg2 e6 4. Nf3 Be7 5. 0-0 0-0 6. c4 d5 7. Qc2 Nc6 8. Bg5 Nb4 9. Qb3 dxc4 10. Qxc4 Nc6 11. Nc3 a6 12. Rac1 h6 13. Bf4 Nd5 14. Ne5 Na5 15. Qa4 Nxf4 16. gxf4 Nc6 17. Bxc6 bxc6 18. Nxc6 Qd7 19. Ne5 Qxa4 20. Nxa4 Bd6 21. Nc5 Bxe5 22. fxe5 1/2-1/2

[Event "IECG TE.2000.P.00506 email"]
[Site "IECG email"]
[Date "2000.11.08"]
[Round "?"]
[White "Malmstroem, Jan"]
[Black "Lheureux, Joseph"]
[Result "1-0"]
[WhiteElo "1926"]
[BlackElo "1469"]
[PlyCount "67"]
[EventDate "2000.11.08"]
[EventType "tourn (corr)"]
[EventRounds "8"]
[SourceTitle "Corr 2008"]
[Source "ChessBase"]
[SourceDate "2008.06.24"]
[SourceVersion "1"]
[SourceVersionDate "2008.06.24"]
[SourceQuality "1"]

1. d4 f5 2. g3 Nf6 3. Bg2 e6 4. Nf3 Be7 5. 0-0 0-0 6. c4 d5 7. b3 c5 8. cxd5 exd5 9. dxc5 Bxc5 10. Bb2 Ne4 11. e3 Nc6 12. Nc3 Be6 13. Rc1 b6 14. a3 a5 15. Qd3 Rc8 16. Rfd1 Qe7 17. Nxd5 Qf7 18. h4 Rfd8 19. Ng5 Nxg5 20. hxg5 Kh8 21. Qc3 Na7 22. Nf4 Bxb3 23. g6 hxg6 24. Nxg6+ Qxg6 25. Qxb3 Qh5 26. Bd5 a4 27. Qd3 Qh3 28. Rc4 Be7 29. Rf4 Rc5 30. Rxf5 Bf6 31. Bxf6 gxf6 32. Qe4 Nc6 33. Qf3 Nd4 34. exd4 1-0